| 000 | 00479nam a22001697a 4500 | ||
|---|---|---|---|
| 003 | BD-ChCU | ||
| 005 | 20251201145728.0 | ||
| 008 | 251201b bg ||||| |||| 00| 0 ben d | ||
| 040 | _cBD-ChCU | ||
| 082 | _a330.9 SRH | ||
| 100 |
_aSrivastava, S. K. _917256 |
||
| 245 |
_aHistory of Economic thought.// _cS, K. Srivastava |
||
| 260 |
_aNew Delhi _bChand & Co. _c1972 |
||
| 300 | _axvi, 680p | ||
| 650 | 0 |
_bEconomic Conditions. _aEconomic Conditions. _917260 |
|
| 942 |
_2ddc _cBK _n0 |
||
| 999 |
_c110013 _d110013 |
||